[Event "Online Olym Top DivD 2021"]
[Site "chess.com INT"]
[Date "2021.09.09"]
[Round "4.4"]
[Board "3"]
[White "Caglar, Sila"]
[Black "Zawadzka, Jolanta"]
[Result "1-0"]
[WhiteTitle "WIM"]
[BlackTitle "WGM"]
[WhiteElo "2250"]
[BlackElo "2407"]
[WhiteTeam "Turkey"]
[BlackTeam "Poland"]
[WhiteFideId "6364063"]
[BlackFideId "1122320"]
[EventDate "2021.09.08"]
[EventType "team"]

1. e4 c5 2. Nf3 Nc6 3. d4 cxd4 4. Nxd4 e5 5. Nb5 d6 6. N1c3 a6 7. Na3 Be7 8. Nd5
Nf6 9. Be3 b5 10. Bb6 Qd7 11. Nc7+ Kf8 12. Nxa8 Qb7 13. Be3 Qxa8 14. Bd3 h5 15.
h3 g6 16. c3 Kg7 17. Nc2 Nd8 18. a4 Nxe4 19. axb5 Ne6 20. bxa6 N4c5 21. Be2 f5
22. b4 Ne4 23. Qd3 f4 24. Bc1 Bh4 25. Rf1 Nxf2 26. Rxf2 Qxg2 27. Qf3 Qg1+ 28.
Bf1 Ng5 29. Qg2 Nxh3 30. Qxg1 Nxg1 31. Bg2 f3 32. Bf1 Nh3 33. Be3 Bf5 34. Na3
Ra8 35. Nb5 Nxf2 36. Bxf2 Bd8 37. Nxd6 Be6 38. a7 Bc7 39. Nc4 e4 40. Nb6 Bxb6
41. Bxb6 g5 42. Bb5 Bd5 43. Rd1 g4 44. Rxd5 Kg6 45. Bc6 Rf8 46. a8=Q 1-0

[Event "Online Olym Top DivD 2021"]
[Site "chess.com INT"]
[Date "2021.09.09"]
[Round "4.4"]
[Board "4"]
[White "Cyfka, Karina"]
[Black "Kocyigit, Buse Naz"]
[Result "1-0"]
[WhiteTitle "IM"]
[BlackTitle "WFM"]
[WhiteElo "2405"]
[BlackElo "2034"]
[WhiteTeam "Poland"]
[BlackTeam "Turkey"]
[WhiteFideId "1122681"]
[BlackFideId "6380840"]
[EventDate "2021.09.08"]
[EventType "team"]

1. d4 Nf6 2. c4 g6 3. Nc3 Bg7 4. e4 d6 5. h3 O-O 6. Be3 Na6 7. g4 c5 8. d5 Nc7
9. a4 e6 10. Nge2 exd5 11. exd5 Re8 12. Bg2 a6 13. O-O h5 14. g5 Nd7 15. Bf4 Ne5
16. b3 Rb8 17. a5 h4 18. Na4 Bf5 19. Ra2 Nd3 20. Bd2 Na8 21. Nc1 Nb4 22. Bxb4
cxb4 23. Nb2 Qxg5 24. Kh1 Re7 25. Nbd3 Rbe8 26. Re2 Rxe2 27. Nxe2 Qe7 28. Nec1
Qd7 29. Kh2 Qc7 30. Re1 Rf8 31. Qf3 Qxa5 32. Qf4 Bxd3 33. Nxd3 Qa2 34. Nc1 Qc2
35. Re2 Qxe2 36. Nxe2 Be5 37. Qxe5 dxe5 38. c5 b6 39. c6 Rd8 40. f4 Nc7 41. fxe5
Nxd5 42. Nd4 Nc7 43. Nc2 a5 44. Ne3 b5 45. Ng4 Rd3 46. Nf6+ Kf8 47. Nd7+ Ke7 48.
Nc5 Rc3 49. Nb7 a4 50. bxa4 bxa4 51. Nd6 a3 52. Nc8+ Kf8 1-0

[Event "Online Olym Top DivD 2021"]
[Site "chess.com INT"]
[Date "2021.09.09"]
[Round "4.4"]
[Board "5"]
[White "Celik, Hasan Huseyin"]
[Black "Teclaf, Pawel"]
[Result "0-1"]
[WhiteTitle "FM"]
[BlackTitle "IM"]
[WhiteElo "2370"]
[BlackElo "2543"]
[WhiteTeam "Turkey"]
[BlackTeam "Poland"]
[WhiteFideId "44506759"]
[BlackFideId "1185934"]
[EventDate "2021.09.08"]
[EventType "team"]

1. d4 e6 2. e4 d5 3. Nd2 Be7 4. Ngf3 Nf6 5. e5 Nfd7 6. c3 c5 7. Bd3 Nc6 8. O-O
h5 9. Re1 g5 10. dxc5 g4 11. Nd4 Ndxe5 12. Bb5 Bd7 13. b4 Nxd4 14. Bxd7+ Qxd7
15. Rxe5 Nc6 16. Re3 Bg5 17. Re1 Bf6 18. Qb3 Ne5 19. Qc2 O-O-O 20. Bb2 Nc4 21.
Rad1 Qc6 22. Qb3 Nxb2 23. Qxb2 h4 24. Nb3 h3 25. Na5 Qa4 26. g3 Rh5 27. Re3
Qxd1+ 0-1

[Event "Online Olym Top DivD 2021"]
[Site "chess.com INT"]
[Date "2021.09.09"]
[Round "4.4"]
[Board "6"]
[White "Malicka, Maria"]
[Black "Duran, Esma Doga"]
[Result "1-0"]
[WhiteTitle "FM"]
[BlackTitle "WFM"]
[WhiteElo "2311"]
[BlackElo "1976"]
[WhiteTeam "Poland"]
[BlackTeam "Turkey"]
[WhiteFideId "1197576"]
[BlackFideId "6390196"]
[EventDate "2021.09.08"]
[EventType "team"]

1. e4 c5 2. Nf3 e6 3. d4 cxd4 4. Nxd4 Nc6 5. Nc3 Qc7 6. Be2 a6 7. O-O Nf6 8. Be3
Be7 9. f4 d6 10. Qe1 O-O 11. Qg3 Rd8 12. Bf3 d5 13. e5 Nxd4 14. Bxd4 Ne4 15.
Bxe4 dxe4 16. Be3 b5 17. Qf2 Qc6 18. a3 Bb7 19. f5 exf5 20. Qxf5 Qg6 21. Qf2
Rac8 22. Rad1 Qe6 23. Rxd8+ Rxd8 24. Ne2 f6 25. exf6 Bxf6 26. c3 Rf8 27. Nd4 Qc4
28. Nf5 Qd3 29. Qg3 g6 30. Nh6+ Kg7 31. Re1 Qd7 32. Ng4 Be7 33. Bh6+ Kg8 34.
Bxf8 Bxf8 35. Nf6+ 1-0

[Event "Online Olym Top DivD 2021"]
[Site "chess.com INT"]
[Date "2021.09.09"]
[Round "4.5"]
[Board "1"]
[White "Cori, Jorge"]
[Black "Albornoz Cabrera, Carlos Daniel"]
[Result "0-1"]
[WhiteTitle "GM"]
[BlackTitle "GM"]
[WhiteElo "2654"]
[BlackElo "2567"]
[WhiteTeam "Peru"]
[BlackTeam "Cuba"]
[WhiteFideId "3802272"]
[BlackFideId "3518736"]
[EventDate "2021.09.08"]
[EventType "team"]

1. d4 Nf6 2. c4 e6 3. Nf3 d5 4. Nc3 dxc4 5. e4 Bb4 6. e5 Nd5 7. Bd2 Bxc3 8. bxc3
b5 9. a4 c6 10. h4 h6 11. g4 Bb7 12. Bg2 Nd7 13. g5 Qe7 14. Qc1 h5 15. O-O Nf8
16. Bf4 Nxf4 17. Qxf4 Ng6 18. Qg3 a6 19. Nd2 c5 20. axb5 O-O 21. bxa6 Bxg2 22.
Kxg2 cxd4 23. Kh2 dxc3 24. Nxc4 Qc5 25. Ra4 Rxa6 26. Rxa6 Qxc4 27. Raa1 Nxh4 28.
Rfc1 c2 29. Rxc2 Qxc2 30. Qxh4 Qf5 31. Re1 Rd8 32. Re3 Rd1 33. Kg2 Qb1 34. Qc4
Rg1+ 35. Kf3 Qd1+ 36. Qe2 Qd5+ 37. Re4 Rg4 38. Qc2 Qxe4+ 39. Qxe4 Rxe4 40. Kxe4
g6 41. Kd4 Kf8 0-1

[Event "Online Olym Top DivD 2021"]
[Site "chess.com INT"]
[Date "2021.09.09"]
[Round "4.5"]
[Board "2"]
[White "Martinez Duany, Lelys Stanley"]
[Black "Martinez Alcantara, Jose Eduardo"]
[Result "1/2-1/2"]
[WhiteTitle "GM"]
[BlackTitle "GM"]
[WhiteElo "2520"]
[BlackElo "2620"]
[WhiteTeam "Cuba"]
[BlackTeam "Peru"]
[WhiteFideId "3504727"]
[BlackFideId "3805662"]
[EventDate "2021.09.08"]
[EventType "team"]

1. e4 c5 2. Nf3 d6 3. Nc3 a6 4. d4 cxd4 5. Nxd4 Nf6 6. Be2 e5 7. Nb3 Be7 8. O-O
O-O 9. Kh1 Nc6 10. f4 exf4 11. Bxf4 Be6 12. Qe1 Nd7 13. Rd1 Nde5 14. Qg3 Bh4 15.
Qe3 Bf6 16. Nd5 Bxd5 17. Rxd5 Qc7 18. c3 Rad8 19. Bg3 Qe7 20. h3 Rfe8 21. Rfd1
Qc7 22. Qd2 Be7 23. Nd4 g6 24. Nf3 b5 25. Nxe5 Nxe5 26. Qf4 Bf8 27. Bh4 Be7 28.
Bf2 Bf8 29. Bh4 Rb8 30. Bf6 b4 31. c4 Re6 32. c5 Rbe8 33. Bxe5 dxe5 34. Qf2 Be7
35. Bc4 Rf6 36. Qe3 Rc8 37. Qh6 Rd8 38. Rxd8+ Bxd8 39. Bd5 Rf4 40. c6 Be7 41.
Rc1 a5 42. Kh2 a4 43. Rc2 a3 44. bxa3 bxa3 45. Rc3 Bd6 46. Rb3 Qa5 47. Rb7 Qc5
48. Rd7 Bf8 49. Qg5 Rf1 50. c7 Qg1+ 51. Kg3 Qf2+ 52. Kh2 Qg1+ 53. Kg3 Qf2+ 54.
Kh2 Qg1+ 1/2-1/2

[Event "Online Olym Top DivD 2021"]
[Site "chess.com INT"]
[Date "2021.09.09"]
[Round "4.5"]
[Board "3"]
[White "Cori T., Deysi"]
[Black "Forgas Moreno, Yaniela"]
[Result "1-0"]
[WhiteTitle "WGM"]
[BlackTitle "WIM"]
[WhiteElo "2382"]
[BlackElo "2310"]
[WhiteTeam "Peru"]
[BlackTeam "Cuba"]
[WhiteFideId "3801934"]
[BlackFideId "3508072"]
[EventDate "2021.09.08"]
[EventType "team"]

1. d4 d6 2. Nf3 g6 3. Bf4 Bg7 4. e3 f5 5. Nbd2 Nf6 6. Bc4 e6 7. h3 Nc6 8. g4 Qe7
9. gxf5 exf5 10. Qe2 a6 11. a3 Bd7 12. Rg1 O-O-O 13. O-O-O Kb8 14. Nb3 Ne4 15.
Bd5 Bf6 16. Ne1 1-0

[Event "Online Olym Top DivD 2021"]
[Site "chess.com INT"]
[Date "2021.09.09"]
[Round "4.5"]
[Board "4"]
[White "Linares Napoles, Oleiny"]
[Black "Aliaga Fernandez, Ingrid Y"]
[Result "1-0"]
[WhiteTitle "WGM"]
[BlackTitle "WIM"]
[WhiteElo "2255"]
[BlackElo "2201"]
[WhiteTeam "Cuba"]
[BlackTeam "Peru"]
[WhiteFideId "3504794"]
[BlackFideId "3802191"]
[EventDate "2021.09.08"]
[EventType "team"]

1. d4 d5 2. Bf4 Nf6 3. e3 c5 4. c3 Qb6 5. Qb3 c4 6. Qc2 Nc6 7. Nd2 Bg4 8. e4 e6
9. h3 Bh5 10. e5 Bg6 11. Qc1 Nd7 12. Ngf3 Be7 13. Be2 O-O 14. O-O a5 15. b3 cxb3
16. axb3 Qd8 17. Qb2 f6 18. Bg3 fxe5 19. dxe5 Nc5 20. Rfd1 Nd3 21. Qa2 Qc7 22.
Nd4 Nxd4 23. cxd4 Nb4 24. Qb2 Qc2 25. Qxc2 Nxc2 26. Ra4 Be8 27. Bg4 Kf7 28. Ra2 1-0

[Event "Online Olym Top DivD 2021"]
[Site "chess.com INT"]
[Date "2021.09.09"]
[Round "4.5"]
[Board "5"]
[White "Quirhuayo Chumbe, German Gonzalo"]
[Black "Alvarez Calzadilla, Jose Avelino"]
[Result "1/2-1/2"]
[WhiteTitle "IM"]
[BlackTitle "FM"]
[WhiteElo "2296"]
[BlackElo "2287"]
[WhiteTeam "Peru"]
[BlackTeam "Cuba"]
[WhiteFideId "3813509"]
[BlackFideId "3526151"]
[EventDate "2021.09.08"]
[EventType "team"]

1. e4 c5 2. Nf3 Nc6 3. d4 cxd4 4. Nxd4 Nf6 5. Nc3 e6 6. Ndb5 d6 7. Bf4 e5 8. Bg5
a6 9. Na3 b5 10. Nd5 Be7 11. Bxf6 Bxf6 12. c4 b4 13. Nc2 a5 14. Qf3 Be6 15. Rd1
O-O 16. Nxf6+ Qxf6 17. Qxf6 gxf6 18. Rxd6 Rfc8 19. b3 a4 20. Be2 axb3 21. axb3
Ra2 22. Bd1 Rb2 23. Rd3 Kf8 24. O-O Ke7 25. Ne3 Ra8 26. f4 exf4 27. Rxf4 Ne5 28.
Rd4 Ra1 29. Rf1 Nc6 30. Rd3 Ne5 31. Rd4 Nc6 32. Rd3 Raa2 33. Re1 Ne5 34. Rd4 Nc6
35. Rd3 Ne5 36. Rd4 Nc6 37. Rd3 1/2-1/2

[Event "Online Olym Top DivD 2021"]
[Site "chess.com INT"]
[Date "2021.09.09"]
[Round "4.5"]
[Board "6"]
[White "Obregon Garcia, Roxangel"]
[Black "Caballero Quijano, Mitzy Mishell"]
[Result "1-0"]
[WhiteTitle "WIM"]
[BlackTitle "WIM"]
[WhiteElo "2167"]
[BlackElo "1996"]
[WhiteTeam "Cuba"]
[BlackTeam "Peru"]
[WhiteFideId "3520420"]
[BlackFideId "3807223"]
[EventDate "2021.09.08"]
[EventType "team"]

1. e4 e6 2. d4 d5 3. Nc3 dxe4 4. Nxe4 Nf6 5. Bg5 Be7 6. Nc3 O-O 7. g3 h6 8. Be3
Nd5 9. Nxd5 exd5 10. Bg2 c6 11. Ne2 Nd7 12. Qd3 Nf6 13. h3 Re8 14. O-O-O Bf8 15.
g4 Ne4 16. Bxe4 dxe4 17. Qd2 b5 18. g5 h5 19. Nf4 g6 20. d5 cxd5 21. Nxd5 Bg7
22. Qb4 a5 23. Qe1 Bd7 24. Nb6 Ra7 25. Qd2 Re7 26. Nd5 Rb7 27. Bd4 Re8 28. Bxg7
Kxg7 29. Qd4+ 1-0

[Event "Online Olym Top DivD 2021"]
[Site "chess.com INT"]
[Date "2021.09.09"]
[Round "5.1"]
[Board "1"]
[White "Quesada Perez, Yasser"]
[Black "Arenas, David"]
[Result "1/2-1/2"]
[WhiteTitle "GM"]
[BlackTitle "GM"]
[WhiteElo "2568"]
[BlackElo "2455"]
[WhiteTeam "Cuba"]
[BlackTeam "Colombia"]
[WhiteFideId "3509362"]
[BlackFideId "4403177"]
[EventDate "2021.09.08"]
[EventType "team"]

1. d4 Nf6 2. Bf4 e6 3. e3 c5 4. Nf3 cxd4 5. exd4 b6 6. Bd3 Bb7 7. O-O d6 8. c3
Be7 9. h3 O-O 10. Bh2 Nbd7 11. Re1 a6 12. a4 Re8 13. Nbd2 Qc7 14. Qe2 Bf8 15.
Ng5 h6 16. Nge4 Nxe4 17. Nxe4 Qc6 18. Qg4 e5 19. Qf5 Rad8 20. Qg4 d5 21. Ng3 e4
22. Bc2 Nf6 23. Qe2 g6 24. Nf1 Bd6 25. Bxd6 Qxd6 26. Ne3 Nh5 27. Qg4 Bc8 28. Qh4
Kg7 29. Rad1 Nf4 30. c4 g5 31. Qg3 f5 32. h4 Kg6 33. cxd5 Nxd5 34. Qxd6+ Rxd6
35. Nc4 Rdd8 36. Ne5+ Kf6 37. hxg5+ hxg5 38. Bb3 Bb7 39. Rc1 Rh8 40. f3 exf3 41.
Nxf3 Rh7 42. Re5 Nf4 43. Bc2 Bc8 44. Rce1 Rdh8 45. d5 g4 46. Kf2 gxf3 47. Kxf3
Ng6 48. Re8 Rxe8 49. Rxe8 Bd7 50. Rb8 Ne5+ 51. Kf2 Ng4+ 52. Kf3 Ke5 53. Rxb6 Rh6
54. Rxh6 Nxh6 55. b4 Nf7 56. Bd3 Bxa4 57. Bxa6 Nd6 58. Bd3 Bb3 59. Kf2 Bxd5 60.
b5 Be4 61. Be2 Nc8 62. Bf1 Nb6 63. Be2 Nd5 64. Bf1 Nf4 65. g3 Nh5 66. b6 Nf6 67.
Bg2 Bxg2 68. Kxg2 Kd6 69. Kf3 Nd5 70. g4 f4 71. g5 Kc6 72. g6 Kxb6 73. g7 Ne7
74. g8=Q Nxg8 75. Kxf4 1/2-1/2

[Event "Online Olym Top DivD 2021"]
[Site "chess.com INT"]
[Date "2021.09.09"]
[Round "5.1"]
[Board "2"]
[White "Gallego Alcaraz, Andres Felipe"]
[Black "Fernandez De La Vara, Arnaldo"]
[Result "0-1"]
[WhiteTitle "GM"]
[BlackTitle "IM"]
[WhiteElo "2512"]
[BlackElo "2485"]
[WhiteTeam "Colombia"]
[BlackTeam "Cuba"]
[WhiteFideId "4402669"]
[BlackFideId "3518388"]
[EventDate "2021.09.08"]
[EventType "team"]

1. d4 d5 2. c4 e6 3. Nf3 Nf6 4. g3 Be7 5. Bg2 O-O 6. O-O dxc4 7. Qc2 a6 8. a4
Bd7 9. Qxc4 Bc6 10. Bf4 Bd6 11. Qc1 a5 12. Nc3 Na6 13. Bg5 Be7 14. Rd1 Bxf3 15.
Bxf3 c6 16. e4 Nb4 17. h4 Rc8 18. Kg2 Qb6 19. e5 Nfd5 20. Ne4 Rfd8 21. Bxe7 Nxe7
22. Qg5 Nf5 23. g4 h6 24. Qf4 Nxh4+ 25. Kg3 Ng6 26. Qc1 Rxd4 27. Nd6 Rd8 28. Qc3
c5 29. Nc4 Qc7 30. Re1 Nd3 31. Nxa5 Nxe1 32. Rxe1 Rd3 0-1

[Event "Online Olym Top DivD 2021"]
[Site "chess.com INT"]
[Date "2021.09.09"]
[Round "5.1"]
[Board "3"]
[White "Miranda Llanes, Yerisbel"]
[Black "Rivera, Ingris"]
[Result "1-0"]
[WhiteTitle "WIM"]
[BlackTitle "WIM"]
[WhiteElo "2259"]
[BlackElo "2249"]
[WhiteTeam "Cuba"]
[BlackTeam "Colombia"]
[WhiteFideId "3507700"]
[BlackFideId "4402472"]
[EventDate "2021.09.08"]
[EventType "team"]

1. d4 Nf6 2. c4 g6 3. Nc3 Bg7 4. e4 d6 5. Be2 O-O 6. Be3 c5 7. d5 Na6 8. h3 Nc7
9. Nf3 a6 10. a4 Rb8 11. O-O Bd7 12. e5 Nfe8 13. a5 b6 14. axb6 Rxb6 15. Qd2 Qb8
16. Ra2 Rb4 17. Ne1 Qb6 18. f4 dxe5 19. Nd3 exf4 20. Rxf4 Bxc3 21. bxc3 Rb1+ 22.
Bf1 Nd6 23. Nxc5 Bf5 24. g4 Bc8 25. Kh2 Qb8 26. Bd3 Rb6 27. Bd4 f6 28. Kg2 Bb7
29. Nd7 Qd8 30. Nxb6 Nxd5 31. cxd5 e5 32. Bxe5 Qxb6 33. c4 fxe5 34. Rxf8+ Kxf8
35. Qf2+ Qxf2+ 36. Rxf2+ Ke7 37. Rb2 Bc8 38. c5 Nf7 39. Rb6 Ng5 40. Bxa6 Bxa6
41. Rxa6 Kd7 42. Ra7+ Kd8 43. c6 Ne4 44. Rxh7 Nf6 45. Rg7 Nxd5 46. Rd7+ 1-0

[Event "Online Olym Top DivD 2021"]
[Site "chess.com INT"]
[Date "2021.09.09"]
[Round "5.1"]
[Board "4"]
[White "Chirivi C, Jenny Astrid"]
[Black "Linares Napoles, Oleiny"]
[Result "1/2-1/2"]
[WhiteTitle "WIM"]
[BlackTitle "WGM"]
[WhiteElo "2124"]
[BlackElo "2255"]
[WhiteTeam "Colombia"]
[BlackTeam "Cuba"]
[WhiteFideId "4403061"]
[BlackFideId "3504794"]
[EventDate "2021.09.08"]
[EventType "team"]

1. d4 d5 2. c4 dxc4 3. Nf3 a6 4. e3 Nf6 5. Bxc4 e6 6. O-O c5 7. a4 Nc6 8. Nc3
Be7 9. h3 O-O 10. b3 b6 11. dxc5 Bxc5 12. Bb2 Bb7 13. Qe2 Na5 14. Rfd1 Qc7 15.
Nd4 Nxc4 16. Qxc4 Rac8 17. Rac1 Qb8 18. Qe2 Rfd8 19. Nf3 h6 20. Rxd8+ Rxd8 21.
Rd1 Qc7 22. Rxd8+ Qxd8 23. Nd2 Qc7 24. Qd3 Bb4 25. Nce4 Nxe4 26. Nxe4 Bf8 27. f3
Bd5 28. Kf2 b5 29. axb5 axb5 30. Nd2 Qa5 31. e4 Bc6 32. Qc3 Qb6+ 33. Kf1 Bb7 34.
Qd4 Qc6 35. Qc3 Qa6 36. Kg1 Qb6+ 37. Kh1 Qf2 38. Qd4 Qe2 39. Kh2 Bc8 40. Qd8 b4
41. Be5 Ba6 42. Bd6 Qxd2 43. Qxf8+ Kh7 44. Be5 f6 45. Qd6 Qxd6 46. Bxd6 Bd3 47.
Bxb4 Bc2 48. Bc3 Bxb3 49. Kg3 e5 50. Kf2 Kg6 51. g3 Bc4 1/2-1/2

[Event "Online Olym Top DivD 2021"]
[Site "chess.com INT"]
[Date "2021.09.09"]
[Round "5.1"]
[Board "5"]
[White "Alvarez Calzadilla, Jose Avelino"]
[Black "Cardoso Cardoso, Jose Gabriel"]
[Result "0-1"]
[WhiteTitle "FM"]
[BlackTitle "FM"]
[WhiteElo "2287"]
[BlackElo "2428"]
[WhiteTeam "Cuba"]
[BlackTeam "Colombia"]
[WhiteFideId "3526151"]
[BlackFideId "4430492"]
[EventDate "2021.09.08"]
[EventType "team"]

1. e4 g6 2. d4 Bg7 3. Nf3 d6 4. c3 Nf6 5. Bd3 O-O 6. O-O Nc6 7. Re1 e5 8. h3 Nh5
9. Bg5 Bf6 10. Be3 Bg7 11. Bg5 Qe8 12. d5 Ne7 13. c4 h6 14. Bd2 f5 15. Nc3 f4
16. Nb5 Qd8 17. b4 a6 18. Na3 Nf6 19. c5 g5 20. Qc2 Ng6 21. Rac1 Ne8 22. b5 axb5
23. Nxb5 Rf7 24. cxd6 cxd6 25. Nh2 h5 26. Be2 g4 27. hxg4 Nh4 28. Qd3 Rxa2 29.
Ra1 Ra6 30. Na7 Bd7 31. Rxa6 bxa6 32. Nc6 Qg5 33. Qh3 Nf6 34. g3 Ng6 35. f3 hxg4
36. Nxg4 Bxg4 37. fxg4 Nxe4 38. Bc1 Qf6 39. g5 Nxg5 40. Qc8+ Rf8 41. Qg4 fxg3
42. Rf1 Nf4 43. Bxf4 exf4 44. Bd3 Qh6 45. Ne7+ Kf7 46. Qxf4+ Kxe7 47. Re1+ Kd8
48. Qxg3 Bd4+ 49. Kg2 Rf2+ 0-1

[Event "Online Olym Top DivD 2021"]
[Site "chess.com INT"]
[Date "2021.09.09"]
[Round "5.1"]
[Board "6"]
[White "Caicedo Anguila, Juliana"]
[Black "Hernandez Gil, Ineymig"]
[Result "1-0"]
[BlackTitle "WFM"]
[WhiteElo "1583"]
[BlackElo "2348"]
[WhiteTeam "Colombia"]
[BlackTeam "Cuba"]
[WhiteFideId "4451740"]
[BlackFideId "3526216"]
[EventDate "2021.09.08"]
[EventType "team"]

1. d4 d5 2. c4 c6 3. Nc3 Nf6 4. cxd5 cxd5 5. Bg5 Nc6 6. Bxf6 exf6 7. e3 Be6 8.
Nge2 Be7 9. Nf4 O-O 10. Be2 Rc8 11. O-O Qd7 12. Bf3 Rfe8 13. Nfxd5 Bxd5 14. Nxd5
Bd6 15. Rc1 f5 16. Nc3 Qe7 17. g3 Qg5 18. Bg2 Bb8 19. Qd2 Rcd8 20. Qc2 h5 21.
Ne2 h4 22. Qb3 hxg3 23. hxg3 Qh5 24. Qxb7 Ne7 25. Qf3 Qg5 26. Rc5 Rd6 27. Rfc1
Rh6 28. Nf4 Bd6 29. Ra5 Rb8 30. b3 Qf6 31. Rxa7 g5 32. Nd5 Nxd5 33. Qxd5 f4 34.
Ra8 fxg3 35. Rxb8+ Bxb8 36. Rc8+ Kg7 37. f3 Qe7 38. e4 Bf4 39. Qa8 Qd6 40. Rg8+
Kf6 41. e5+ 1-0

[Event "Online Olym Top DivD 2021"]
[Site "chess.com INT"]
[Date "2021.09.09"]
[Round "5.2"]
[Board "1"]
[White "Duda, Jan-Krzysztof"]
[Black "Cori, Jorge"]
[Result "1-0"]
[WhiteTitle "GM"]
[BlackTitle "GM"]
[WhiteElo "2756"]
[BlackElo "2654"]
[WhiteTeam "Poland"]
[BlackTeam "Peru"]
[WhiteFideId "1170546"]
[BlackFideId "3802272"]
[EventDate "2021.09.08"]
[EventType "team"]

1. d4 d5 2. Bf4 Nf6 3. e3 c5 4. Nd2 Nc6 5. Ngf3 cxd4 6. exd4 Bf5 7. Bb5 Qb6 8.
c4 a6 9. Bxc6+ bxc6 10. Qb3 Nd7 11. O-O e6 12. c5 Qxb3 13. axb3 Bd3 14. Rfe1 Be7
15. Re3 Bb5 16. Nb1 O-O 17. Nc3 Rfe8 18. g4 h6 19. h4 Nf8 20. Bg3 f6 21. b4 g5
22. Ra5 gxh4 23. Nxh4 Bc4 24. Na4 Bd8 25. Nb6 Bb5 26. Rxb5 axb5 27. Nxa8 f5 28.
Nxf5 Bg5 29. Nc7 Bxe3 30. Nxe8 Bd2 31. Nfd6 Bxb4 32. Bf4 1-0

[Event "Online Olym Top DivD 2021"]
[Site "chess.com INT"]
[Date "2021.09.09"]
[Round "5.2"]
[Board "2"]
[White "Martinez Alcantara, Jose Eduardo"]
[Black "Wojtaszek, Radoslaw"]
[Result "1/2-1/2"]
[WhiteTitle "GM"]
[BlackTitle "GM"]
[WhiteElo "2620"]
[BlackElo "2698"]
[WhiteTeam "Peru"]
[BlackTeam "Poland"]
[WhiteFideId "3805662"]
[BlackFideId "1118358"]
[EventDate "2021.09.08"]
[EventType "team"]

1. e4 c5 2. Nf3 d6 3. c3 Nf6 4. h3 g6 5. Bd3 Bg7 6. Bc2 e5 7. O-O O-O 8. d4 exd4
9. cxd4 cxd4 10. Nxd4 Nc6 11. Nxc6 bxc6 12. Nc3 d5 13. Bg5 h6 14. Be3 Re8 15.
Qf3 dxe4 16. Nxe4 Nd5 17. Bc5 Bf5 18. g4 Bxe4 19. Bxe4 Bxb2 20. Rad1 Qf6 21.
Qxf6 Bxf6 22. Bxd5 cxd5 23. Rxd5 Bd8 1/2-1/2

[Event "Online Olym Top DivD 2021"]
[Site "chess.com INT"]
[Date "2021.09.09"]
[Round "5.2"]
[Board "3"]
[White "Zawadzka, Jolanta"]
[Black "Cori T., Deysi"]
[Result "1-0"]
[WhiteTitle "WGM"]
[BlackTitle "WGM"]
[WhiteElo "2407"]
[BlackElo "2382"]
[WhiteTeam "Poland"]
[BlackTeam "Peru"]
[WhiteFideId "1122320"]
[BlackFideId "3801934"]
[EventDate "2021.09.08"]
[EventType "team"]

1. e4 e6 2. d4 d5 3. Nc3 Nf6 4. e5 Nfd7 5. f4 c5 6. Nf3 Nc6 7. Be3 b6 8. Qd2 Qc7
9. h4 Be7 10. h5 f6 11. h6 g6 12. exf6 Nxf6 13. Ne5 O-O 14. Nxc6 Qxc6 15. O-O-O
c4 16. g4 b5 17. g5 Ne8 18. f5 Rxf5 19. Bh3 b4 20. Ne2 c3 21. Qe1 cxb2+ 22. Kb1
Nd6 23. Bxf5 exf5 24. Qxb4 Ba6 25. Nf4 Bc4 26. Nxg6 hxg6 27. h7+ Kg7 28. Bf4 Qa6
29. a3 Kf7 30. h8=Q Rxh8 31. Rxh8 Qc6 32. Rh7+ Kf8 33. Re1 1-0

[Event "Online Olym Top DivD 2021"]
[Site "chess.com INT"]
[Date "2021.09.09"]
[Round "5.2"]
[Board "4"]
[White "Aliaga Fernandez, Ingrid Y"]
[Black "Cyfka, Karina"]
[Result "0-1"]
[WhiteTitle "WIM"]
[BlackTitle "IM"]
[WhiteElo "2201"]
[BlackElo "2405"]
[WhiteTeam "Peru"]
[BlackTeam "Poland"]
[WhiteFideId "3802191"]
[BlackFideId "1122681"]
[EventDate "2021.09.08"]
[EventType "team"]

1. e4 e5 2. Nf3 Nc6 3. d4 exd4 4. Nxd4 Nf6 5. Nxc6 bxc6 6. e5 Qe7 7. Qe2 Nd5 8.
c4 Ba6 9. b3 g5 10. Bb2 Bg7 11. g3 O-O-O 12. Bg2 Rde8 13. O-O Bxe5 14. Bxe5 Qxe5
15. Qxe5 Rxe5 16. cxd5 Bxf1 17. Kxf1 cxd5 18. Nc3 c6 19. Rc1 Kd8 20. h3 Rhe8 21.
Bf3 f5 22. Rd1 Kc7 23. b4 Rb8 24. a3 Re6 25. Na4 Kd6 26. Nc5 Re7 27. g4 fxg4 28.
Bxg4 Rf8 29. Rd2 Rf4 30. Kg2 Rc4 31. Na4 h6 32. Rd3 Rf7 33. Kg3 Rc2 34. f3 Re7
35. f4 Re1 36. fxg5 hxg5 37. Nc3 Rg1+ 38. Kf3 Kc7 39. Ne2 Rf1+ 40. Kg2 Rf7 41.
Kg3 Ra2 42. Nd4 Rff2 43. Bf3 Rfd2 44. Rxd2 Rxd2 45. Ne2 Ra2 46. Kg4 Rxa3 47. Nd4
Kd6 48. Kxg5 Ke5 49. h4 Kxd4 50. Bg4 Ke5 51. h5 Rg3 52. h6 Rxg4+ 53. Kxg4 Kf6
54. h7 Kg7 0-1

[Event "Online Olym Top DivD 2021"]
[Site "chess.com INT"]
[Date "2021.09.09"]
[Round "5.2"]
[Board "5"]
[White "Teclaf, Pawel"]
[Black "Quirhuayo Chumbe, German Gonzalo"]
[Result "1-0"]
[WhiteTitle "IM"]
[BlackTitle "IM"]
[WhiteElo "2543"]
[BlackElo "2296"]
[WhiteTeam "Poland"]
[BlackTeam "Peru"]
[WhiteFideId "1185934"]
[BlackFideId "3813509"]
[EventDate "2021.09.08"]
[EventType "team"]

1. e4 c5 2. Nf3 d6 3. d4 Nf6 4. Nc3 cxd4 5. Nxd4 a6 6. Bc4 e6 7. Bb3 Be7 8. f4
O-O 9. Qf3 Qc7 10. g4 b5 11. g5 Nfd7 12. f5 b4 13. Nce2 Ne5 14. Qh3 exf5 15.
exf5 Nbc6 16. Be3 Nxd4 17. Nxd4 Nc4 18. O-O-O d5 19. Qf3 Bc5 20. Bf2 Bb7 21. Kb1
Rfe8 22. f6 g6 23. h4 Ne5 24. Qg3 Bd6 25. h5 Nc4 26. Qf3 Bf4 27. hxg6 fxg6 28.
Ne2 Nd2+ 29. Rxd2 Bxd2 30. Bxd5+ Bxd5 31. Qxd5+ Qf7 32. Qxd2 Rad8 33. Nd4 Qd5
34. Re1 Kf7 35. b3 a5 36. Rxe8 Rxe8 37. Qd3 h6 38. gxh6 Kxf6 39. Kb2 Qe5 40. a4
bxa3+ 41. Ka2 Qf4 42. Nf3 Re6 43. Bd4+ Kf7 44. h7 Re8 45. h8=Q Rxh8 46. Bxh8 g5
47. Be5 Qg4 48. Bb2 Qf4 49. Bxa3 g4 50. Bd6 Qxf3 51. Qxf3+ gxf3 52. Bc5 Ke6 53.
Bf2 Kd5 54. Ka3 1-0